[Event "FIDE GP"]
[Site "Moscow"]
[Date "2002.06.01"]
[Round "1.2"]
[White "Svidler, Peter"]
[Black "Radjabov, Teimour"]
[Result "0-1"]
[WhiteElo "2688"]
[BlackElo "2610"]
[Annotator "Mueller,Karsten"]
[PlyCount "88"]
[EventDate "2002.06.01"]
[EventType "k.o. (rapid)"]
[EventRounds "5"]
[EventCountry "RUS"]
[SourceTitle "CBM 090"]
[Source "ChessBase"]
[SourceDate "2002.09.20"]
[SourceVersion "1"]
[SourceVersionDate "2002.09.20"]
[SourceQuality "1"]

1. e4 e6 2. d4 d5 3. Nd2 Be7 4. Bd3 c5 5. dxc5 Nf6 6. Qe2 Nc6 7. Ngf3 Nb4 8.
O-O Nxd3 9. cxd3 Bxc5 {Schwarz hat seinen Bauern zurück und das Läuferpaar.
Doch seine Aktionen haben ihn viel Zeit gekostet und in dieser recht
geschlossenen Stellung sind die weißen Springer nicht schlechter. Weiß muss
nun versuchen, seinen Entwicklungsvorsprung in Initiative umzusetzen, um
positionelle Vorteile zu erlangen.} 10. Nb3 Be7 11. e5 (11. Bg5 {kommt
ebenfalls stark in Betracht, z.B.} h6 12. Bh4 Qb6 (12... Bd7 13. e5 (13. Rac1
dxe4 14. dxe4 Qb6 15. Rfd1 Ba4 16. Qc4 Bxb3 17. axb3 O-O $11 {1/2-1/2
Ponomariov,R-Morozevich,A/Istanbul TUR 2000/The Week in Chess 314 (56)}) 13...
Ng8 14. Bxe7 (14. Bg3 a5 15. Bf4 a4 16. Nbd4 Bc5 17. Be3 Bb6 18. Rfc1 Ne7 $11 {
0-1 Hossain,E-Johannessen,L/Dhaka BAN 2002/The Week in Chess 390 (56)}) 14...
Nxe7 15. Nc5 Bc6 16. Nd4 Qb6 17. Rfc1 $14 {1-0 Luther,T-Duppel,M/Boeblingen
2000/CBM 79 ext (40)}) (12... b6 13. e5 Ng8 14. Bxe7 Nxe7 15. Nfd4 $14 {
1/2-1/2 Heim,S-Gudbrandsen,G/NOR 2002/The Week in Chess 387 (57)}) (12... O-O
13. e5 Nd7 14. Bxe7 Qxe7 15. Nbd4 $14) (12... dxe4 13. dxe4 O-O 14. Rfd1 $14)
13. e5 (13. Rfc1 dxe4 14. dxe4 Bd7 15. Ne5 Bb5 16. Nc4 Bxc4 17. Qxc4 O-O {
1/2-1/2 Matulovic,M-Itkis,B/Bucharest 2000/CBM 79 ext (17)}) 13... Ng8 14. Bxe7
$14 {1/2-1/2 Leko,P-Morozevich,A/Sarajevo BIH 1999 (54). (54)} (14. Bg3 $5 Bd8
(14... a5 15. Bf4 a4 16. Be3 Qa6 17. Nbd4 $14 {1/2-1/2 Ye Jiangchuan-Barsov,A/
Moscow 2001/CBM 86 (25)}) 15. Bf4 Qb5 $6 (15... Ne7 16. Be3 $14) 16. Rfc1 Ne7
17. Nbd4 $14 {1-0 Brodsky,M-Jenetl,R/Krasnodar 1999/CBM 75 (40)}) (14. Rac1 Bd7
15. Bxe7 Nxe7 16. Rc3 $14 {1/2-1/2 Luther,T-Markos,J/Pardubice CZE 2000/The
Week in Chess 299 (61)})) 11... Nd7 12. Nfd4 {Weiß macht sich zu Nutze, noch
nicht d4 gespielt zu haben - ein wichtiges Motiv in solchen Stellungen.} (12.
Be3 O-O 13. Rac1 $11 {/+/=}) 12... O-O 13. Bf4 Nc5 $5 {Schwarz entlastet sich
durch den Tausch eines Springerpaares.} 14. Qg4 (14. Nxc5 Bxc5 15. Be3 Qb6 $6
16. Nb3 Bxe3 17. fxe3 $14) 14... Kh8 15. Nxc5 Bxc5 16. Nf3 {Im Folgeden
versickert die weiße Initiative langsam aber sicher.} ({Vielleicht ist} 16. Be3
$5 {eine Möglichkeit, leichten Vorteil festzuhalten.}) 16... Be7 17. Rfe1 Bd7
18. Qh5 f6 $5 {ein typisches Motiv, um dem weißen Angriff am Königsflügel
entgegen zu treten.} 19. Rac1 (19. exf6 gxf6 (19... Bxf6 $6 20. Ne5 $14) 20. d4
Qe8 21. Qh4 Rc8 $132) 19... Be8 20. Qh3 f5 21. Be3 Bd7 22. Bc5 (22. Qg3 $5)
22... Rc8 23. Bd6 Rc6 24. d4 {dieser Zug ist sehr zweischneidig, denn Weiß
nimmt sich das Manövrierfeld d4.} (24. Qg3 Bxd6 25. exd6 f4 26. Qg5 Qxg5 27.
Nxg5 Rxd6 28. Rc7 h6 29. Nf3 $44) 24... Be8 25. Rxc6 Bxc6 (25... bxc6 $4 26.
Ng5 $18) 26. Qg3 h6 {Schwarz ist es gelungen, die c-Linie zu neutralisieren
und nun nimmt er das Heft in die Hand und zwar nicht wie üblich am Damen-
sondern am Königsflügel!} 27. h4 Kh7 28. Qf4 Rg8 29. Rc1 g5 $5 {ein
interessanter Angriff am Königsflügel von Radjabov. Sein König bleibt sicher
und er kann seinen Turm über die h-Linie ins Spiel bringen.} 30. hxg5 hxg5 31.
Qh2+ Kg6 32. Qg3 Rh8 33. Ne1 $6 {Es ziehen dunkle Wolken über dem weißen
Herrscher heran, doch es ist nicht leicht, die schwarze Initiative zu bremsen.}
Rh4 $5 34. Nd3 $2 (34. Bxe7 Qxe7 35. Nf3 $13) (34. Nf3 Rh5 $13) 34... Rxd4 35.
Nc5 (35. Qe3 Rh4 36. Qc5 Qh8 37. f3 Rh1+ 38. Kf2 Bd8 $17) 35... Rg4 36. Qe3 $2
{ein Fehler in sehr schwieriger Lage.} (36. Nxe6 $2 Qh8 37. Qf3 Rh4 38. g3 Rc4
$19) (36. Bxe7 Qxe7 37. Qd3 Rh4 $17) 36... d4 $19 37. Qb3 Bd5 38. Nxe6 Qa5 (
38... Rxg2+ 39. Kf1 Qh8 40. Qxd5 Qh1+ 41. Ke2 Rxf2+ $19) 39. Qd3 Bxd6 (39...
Rxg2+ 40. Kf1 Rh2 41. Ke2 Bxd6 42. exd6 Bxe6 43. Qxd4 Qb5+ $19) 40. exd6 Bxe6
41. f3 Rh4 42. g3 Rh8 43. Qxd4 Qb6 44. Rc5 Rd8 0-1

[Event "FIDE GP"]
[Site "Moscow"]
[Date "2002.06.02"]
[Round "2.1"]
[White "Radjabov, Teimour"]
[Black "Akopian, Vladimir Eduardovic"]
[Result "1-0"]
[WhiteElo "2610"]
[BlackElo "2678"]
[Annotator "Lutz,C"]
[PlyCount "83"]
[EventDate "2002.06.01"]
[EventType "k.o. (rapid)"]
[EventRounds "5"]
[EventCountry "RUS"]
[SourceTitle "CBM 090"]
[Source "ChessBase"]
[SourceDate "2002.09.20"]
[SourceVersion "1"]
[SourceVersionDate "2002.09.20"]
[SourceQuality "1"]

1. d4 Nf6 2. c4 e6 3. Nf3 d5 4. Nc3 c6 5. e3 Nbd7 6. Bd3 dxc4 7. Bxc4 b5 8. Bd3
Bb7 9. O-O a6 10. e4 c5 11. d5 c4 12. Bc2 Qc7 13. dxe6 fxe6 14. Nd4 Nc5 15. Be3
{In dieser Variante hatte der junge Radjabov kürzlich schon einmal eine gute
Stellung erreicht (gegen Anand in Dubai).} O-O-O (15... Rd8 16. Qe2 e5 17. Nf5
g6 18. Bg5 Qf7 19. Nd5 Bxd5 (19... Nxd5 $5 {Lutz} 20. exd5 Rxd5 $13) 20. exd5
gxf5 21. Qxe5+ Be7 22. d6 Rxd6 23. Qxc5 $16 {Radjabov,T-Anand,V/Dubai rapid
2002/[Lutz]}) (15... e5 $5) 16. Qe2 e5 17. Nf3 Nd3 18. Rfd1 Bb4 19. Ng5 $1 {
Mit diesem starken Manöver kommt Weiß zur Stabilisierung des Pe4 durch f2-f3.}
Bxc3 20. bxc3 Rhe8 21. f3 h6 22. Nh3 g5 23. Bxd3 {Bis hierhin ist alles aus
einer Parti von Lautier bekannt, erst hier weicht Radjabov ab. Es wäre
interessant zu wissen, was Akopian nach Lautiers 23.Nf2 geplant hatte. Mir
scheint jedenfalls die Variante 15...0-0-0 einfach für Weiß besser zu sein.} (
23. Nf2 $14 Nf4 24. Qe1 Qa5 25. a4 $2 (25. Bd2 Qa3 26. g3 Ne6 27. Rdb1 $40 {
/\ Bd2-c1, a2-a4 Lautier,J}) 25... Qxc3 {1/2-1/2 Lautier,J-Morovic Fernandez,I/
Tallinn/ Parnu 1998/CBM 66/[Lutz] (25)} 26. Qxc3 Ne2+ 27. Kf1 Nxc3 28. Rdc1 $11
{/\ Bb6-a5 Lautier,J}) 23... cxd3 24. Rxd3 Rxd3 25. Qxd3 {Weiß hat nun einen
Bauern mehr. Bei ungleichfarbigen Läufern im Mittelspiel ist bekanntlich aber
ein Bauer mehr oder weniger nicht so relevant, wichtiger sind
Angriffsmöglichkeiten gegen den gegnerischen König. Aber auch in dieser
Beziehung gefällt die schwarze Stellung nicht so sehr, da der Bb7 durch die
Bauern auf e4 und f3 kaltgestellt ist.} g4 26. Nf2 gxf3 27. gxf3 Rg8+ 28. Kf1
Rd8 29. Qe2 Qf7 30. c4 $16 {Jetzt ist es vielmehr der Weiße, der angreift.} Bc6
31. Rc1 Kb7 32. a4 $1 {Weiß verwehrt dem schwarzen Läufer das Feld b5.} b4 33.
Qb2 Qe7 34. a5 Ka8 35. Rb1 Rb8 36. Bb6 Qf7 37. Qxb4 Bxe4 38. fxe4 Nxe4 39. Rb2
$18 Qf4 40. Qe1 Rf8 41. Qe3 Qg4 42. Qd3 1-0

[Event "FIDE GP"]
[Site "Moscow"]
[Date "2002.06.02"]
[Round "2.2"]
[White "Akopian, Vladimir Eduardovic"]
[Black "Radjabov, Teimour"]
[Result "1-0"]
[WhiteElo "2678"]
[BlackElo "2610"]
[Annotator "Mueller,Karsten"]
[PlyCount "71"]
[EventDate "2002.06.01"]
[EventType "k.o. (rapid)"]
[EventRounds "5"]
[EventCountry "RUS"]
[SourceTitle "CBM 090"]
[Source "ChessBase"]
[SourceDate "2002.09.20"]
[SourceVersion "1"]
[SourceVersionDate "2002.09.20"]
[SourceQuality "1"]

1. e4 e6 2. d4 d5 3. Nd2 Be7 4. e5 c5 5. Qg4 Kf8 6. dxc5 Nc6 7. Ndf3 f6 (7...
Bxc5 8. a3 Qb6 9. Qg3 Nge7 10. Bd3 Nf5 11. Bxf5 exf5 12. Ne2 Be6 13. O-O h6 14.
h4 $14 {1/2-1/2 Grinfeld,A-Matveeva,S/Bled 1994/EXT 94op (22)}) 8. Bf4 $1 {
Akopians Verbesserung gegenüber} (8. Qg3 fxe5 9. Nxe5 Nxe5 10. Qxe5 Bxc5 11.
Nf3 Nf6 12. Bd3 $6 (12. Be3 Bd6 13. Qc3 Ne4 14. Qb3 $14) 12... Bxf2+ 13. Kd1
Bc5 14. Rf1 Bd6 $13 {1/2-1/2 Akopian,V-Pelletier,Y/Aubervilliers FRA 2002/The
Week in Chess 378 (59). (58)}) 8... Bxc5 9. Bd3 f5 10. Qg3 Nge7 11. Ne2 $14 Ng6
12. h4 Nxf4 13. Nxf4 Bd7 14. h5 Qe7 15. c3 Rc8 16. O-O Bb6 17. Rad1 Rd8 18.
Bxf5 $5 {[%mdl 512]} (18. c4 d4 19. a3 a5 20. Rfe1 $14) 18... exf5 19. Nxd5 Qe8
(19... Qf7 20. Rfe1 Be6 21. Ng5 Qe8 22. c4 $14) 20. Nxb6 axb6 21. Rd6 Be6 22.
Rfd1 Rxd6 23. Rxd6 Qe7 24. Qf4 Ke8 $2 {danach wird Schwarz überrollt.} (24...
Bd7 25. Nd4 g5 $13) 25. Nd4 $16 Nxd4 26. cxd4 g5 27. Qd2 Bd7 28. Qc3 Rf8 29. d5
f4 30. Rxb6 Rf5 31. e6 Ba4 (31... Rxd5 32. Qh8+ Qf8 33. exd7+ Rxd7 34. Qe5+ Kd8
35. Qb8+ Ke7 36. Re6+ Kf7 37. Rf6+ $18) 32. Qc4 Bd1 33. d6 Qd8 34. d7+ Kf8 35.
Rxb7 Re5 (35... Ke7 36. Qb4+ Kxe6 37. Rb6+ Qxb6 (37... Kxd7 38. Qd6+ Ke8 39.
Qe6+ $18) 38. Qxb6+ Kxd7 39. Qd4+ $18) 36. Qc8 (36. Qc8 Ke7 37. Qxd8+ Kxd8 38.
Rb8+ Ke7 39. d8=Q+ Kxe6 40. Rb6+ Kf5 41. Qd7+ Ke4 42. Rb4#) 1-0

[Event "FIDE GP"]
[Site "Moscow"]
[Date "2002.06.02"]
[Round "2.3"]
[White "Radjabov, Teimour"]
[Black "Akopian, Vladimir Eduardovic"]
[Result "1-0"]
[WhiteElo "2610"]
[BlackElo "2678"]
[Annotator "Ftacnik,L"]
[PlyCount "71"]
[EventDate "2002.06.01"]
[EventType "k.o. (rapid)"]
[EventRounds "5"]
[EventCountry "RUS"]
[SourceTitle "CBM 090"]
[Source "ChessBase"]
[SourceDate "2002.09.20"]
[SourceVersion "1"]
[SourceVersionDate "2002.09.20"]
[SourceQuality "1"]

1. d4 Nf6 2. c4 e6 3. Nf3 b6 4. Nc3 Bb7 5. a3 d5 6. cxd5 Nxd5 7. Qa4+ Bc6 $146
(7... Qd7 8. Qc2 Nxc3 (8... Be7 9. Bd2 O-O 10. e4 Nxc3 11. Bxc3 c5 12. O-O-O
cxd4 13. Nxd4 Qc7 14. Bd3 a6 15. e5 h6 16. f4 Nc6 17. Nxc6 Qxc6 18. Rhe1 Qxg2
19. Rd2 Qg4 20. Rf1 {1-0 Malakhatko,V-Dydyshko,V/Swidnica 2000/ (32)}) 9. bxc3
c5 (9... Bd6 10. e4 O-O 11. Bd3 Be7 12. c4 f6 13. O-O Nc6 14. Bb2 Nd8 15. Rad1
c6 16. a4 Nf7 17. Rfe1 Qc7 18. h3 Bb4 19. Re3 e5 20. Qb3 c5 21. d5 Nd6 22. Rf1
Bc8 23. Qd1 Bd7 24. Nh2 Qc8 25. f4 {1-0 Baron,M-Gibbons,R/Melbourne/2002/ (38)}
) 10. e3 Nc6 11. Bd3 Rc8 12. O-O Be7 13. Bb2 cxd4 14. exd4 Bf6 15. Qe2 O-O 16.
Rad1 Na5 17. Nd2 Rfd8 18. h4 Qd5 19. Qg4 Bxh4 20. f4 f5 {0-1 Hansen,L-Akesson,
R/Slagelse 1988/ (52)}) (7... c6 8. Nxd5 exd5 9. Bg5 Be7 10. Bxe7 Qxe7 11. e3
O-O 12. Bd3 c5 13. Qc2 g6 14. O-O Nc6 15. dxc5 bxc5 16. Rac1 c4 17. Be2 Rab8
18. Qd2 Rfd8 19. Nd4 Ba8 20. Nxc6 Bxc6 21. Qd4 Qb7 22. Rfd1 Qb6 {1/2-1/2
Radjabov,T-Ivanchuk,V/Moscow 2002/ (29)}) (7... Nd7 8. Ne5 (8. Nxd5 Bxd5 9. Bg5
Qc8 10. Rc1 Bd6 11. Nd2 f6 12. Bh4 O-O 13. e4 Bb7 14. Bc4 Re8 15. Bg3 Bxg3 16.
hxg3 Nf8 17. O-O Rd8 18. Bb5 a6 19. Bc6 Bxc6 20. Rxc6 b5 21. Qc2 Rxd4 22. Rxc7
Qd8 23. Nf3 Rd7 24. Rc6 {1-0 Kuzmin,G-Zatonskih,A/UKR 1999/ (33)}) 8... Bd6 9.
Nc6 Qh4 10. Nxd5 exd5 11. Be3 O-O 12. Qc2 f5 13. g3 Qf6 14. Rc1 f4 15. gxf4
Bxf4 16. Bg2 Bxe3 17. Bxd5+ Kh8 18. fxe3 Rae8 19. Qb3 Qh6 20. Rc3 {1-0
Litinskaya,M-Peptan,C/Sovata 1998/ (41)}) 8. Qc2 Nxc3 9. Qxc3 (9. bxc3 $5) 9...
Bd6 $6 {[%mdl 4] Akopian plays in a very original way, but this imprecise move
is stretching it too far.} (9... Be7 10. Bf4 O-O 11. e3 $14) 10. d5 $1 Bxd5 (
10... exd5 11. Qxg7 Rf8 12. Bh6 $18) 11. Qxg7 Rf8 12. Bg5 (12. Bh6 Nd7 13. Rd1
$16) 12... f6 13. Bh6 Rf7 (13... Nd7 14. Qg4 Rf7 15. e4 Bb7 16. Bc4 $16) 14.
Qg8+ Ke7 15. Qg4 e5 (15... Nc6 16. e4 Bb3 17. e5 $1 $18) (15... f5 16. Qh5 Qe8
17. Rd1 Nc6 $14) (15... c5 16. e4 Bb3 17. Nd2 c4 18. Nxb3 cxb3 19. Bc4 $18) 16.
Ng5 $6 {Radjabov was tempted by this original combination, but unfortunatelly
it is losing all the advantage.} (16. Nh4 $5 Be6 17. Nf5+ Bxf5 18. Qxf5 $16)
16... Qg8 (16... fxg5 17. Bxg5+ Rf6 18. Bxf6+ Kxf6 19. Qh4+ Kg6 20. Qxd8 $18)
17. Rd1 Ba2 $2 (17... fxg5 $1 18. Rxd5 Rf6 19. Rxd6 Kxd6 20. Bxg5 Rg6 21. f4
Nd7 $13) (17... Bb3 18. Rd3 Qg6 19. Rxb3 f5 (19... Qxh6 $2 20. Qe6+ $18) 20.
Qc4 $18) 18. h3 (18. Qf3 fxg5 19. Qxa8 Rf6 20. Bxg5 Qxg5 21. Qxb8 Bb3 $132)
18... fxg5 (18... Bb3 19. Nxf7 $18) 19. Bxg5+ Rf6 (19... Kf8 20. Bh6+ Rg7 21.
Bxg7+ Qxg7 22. Qf3+ Kg8 23. Qxa8 $18) 20. Bxf6+ Kxf6 21. Qf3+ Ke7 22. Qxa8 {
Black has obviously lost the war, two exchanges are missing for no palpable
compensation.} Qb3 (22... Bb3 23. Rc1 $18) 23. Rxd6 (23. Qxb8 Qxb2 24. f3 $18)
23... Qxb2 24. f3 (24. Qxb8 $2 Qc3+ 25. Rd2 Qc1+ 26. Rd1 Qc3+ $11) 24... cxd6
25. Qxb8 Qxa3 26. Qc7+ Ke6 27. Kf2 Qc5+ (27... b5 28. e4 a6 29. Qxh7 $18) 28.
Qxc5 dxc5 29. e4 c4 30. Be2 Bb3 31. Rc1 b5 32. Ra1 Kd6 33. Rxa7 b4 34. Ke3 h5
35. h4 c3 36. Rb7 1-0

[Event "FIDE GP"]
[Site "Moscow"]
[Date "2002.06.03"]
[Round "3.1"]
[White "Ivanchuk, Vassily"]
[Black "Radjabov, Teimour"]
[Result "1/2-1/2"]
[WhiteElo "2711"]
[BlackElo "2610"]
[Annotator "Finkel,A"]
[PlyCount "98"]
[EventDate "2002.06.01"]
[EventType "k.o. (rapid)"]
[EventRounds "5"]
[EventCountry "RUS"]
[SourceTitle "CBM 090"]
[Source "ChessBase"]
[SourceDate "2002.09.20"]
[SourceVersion "1"]
[SourceVersionDate "2002.09.20"]
[SourceQuality "1"]

1. e4 e6 2. d4 d5 3. Nc3 Nf6 4. Bg5 dxe4 5. Nxe4 Be7 6. Bxf6 Bxf6 7. Nf3 Nd7 8.
Qd2 O-O 9. O-O-O Be7 10. Bd3 b6 11. h4 Bb7 12. c3 (12. Neg5 h6 13. Rh3 c5 14.
Kb1 cxd4 15. Qf4 Qb8 16. Qxd4 Bxf3 17. Nxf3 Nc5 $15 {Riegler,P-Dizdar,G/Bled
1994}) (12. Nfg5 h6 13. f4 c5 14. dxc5 Qc7 15. Nd6 Nxc5 16. Nxb7 Nxb7 17. c3
Rfd8 18. Ne4 Rd5 $132 {Fercec,N-Dizdar,G/Pula 1997}) (12. Rh3 Nf6 13. Nxf6+
Bxf6 14. Ng5 h6 15. Nh7 Re8 16. Nxf6+ Qxf6 17. g4 $14 {Kharlov,A-Sakalauskas,V/
Skelleftea 1999}) 12... c5 (12... Nf6 13. Neg5 (13. Nxf6+ Bxf6 14. Bc2 c5 15.
Qd3 g6 16. Qe3 Bxf3 17. Qxf3 cxd4 18. h5 Bg7 19. hxg6 Qg5+ 20. Kb1 hxg6 21.
cxd4 {1/2-1/2 De la Riva Aguado,O-Rivera Kuzawka,D/Santiago 1995/EXT 98 (21)})
13... Bxf3 14. gxf3 Kh8 15. Kb1 Qd6 16. Rdg1 $36 {Topalov,V-Dreev,A/Linares
1995}) 13. Neg5 $5 (13. dxc5 Qc7 $5 14. Qc2 h6 15. cxb6 axb6 16. Kb1 Ra5 17.
Ned2 Rfa8 18. a3 Nc5 $44 {Solozhenkin,E-Dizdar,G/Paris 1996}) 13... Nf6 14. Qc2
{[%csl Rh7] Forcing black to weaken his kingside by moving one of the pawns.}
g6 15. h5 $1 {[%csl Rg6] Starting very dangerous attack which could secure for
Ivanchuk a place in the semifinal of the tournament!} Nxh5 $5 {Not so good is}
(15... Bxf3 $6 16. Nxf3 Kg7 17. hxg6 hxg6 18. Ne5 $36 {and black suffers for
free.}) 16. Nxe6 $1 {Nothing promises} (16. Nxh7 Kxh7 17. Rxh5+ Kg7 $13 {
and black is ok.}) 16... fxe6 17. Bxg6 Nf4 $8 {Black has no time to destroy
white knight} (17... Bxf3 $2 18. Bxh7+ Kh8 19. gxf3 $18 {and white is winning})
(17... hxg6 $2 18. Qxg6+ Ng7 19. Qh7+ Kf7 20. Ne5+ Ke8 21. Qg6+) 18. Bxh7+ Kg7
19. Be4 $1 Bxe4 20. Qxe4 Ng6 21. Rh5 $1 {[%csl Gd5] Preventing from black
queen to come to d5.} Rf5 $1 {The best defensive resourse in the position.} 22.
Rxf5 exf5 23. Qxf5 Qf8 24. Qd7 Qf4+ $6 {Very serious attention deserved brave}
(24... cxd4 $5 25. Nxd4 (25. Qxd4+ Bf6 26. Qa4 $14) 25... Qxf2 26. g4 Qf4+ 27.
Kb1 Qe4+ 28. Ka1 Rd8 $1 $13 {with counterchances} 29. Ne6+ $140 $4 Qxe6 $1 30.
Qxe6 Rxd1#) 25. Kb1 Qe4+ 26. Ka1 Rd8 27. Qxa7 Ra8 28. Qd7 $6 {There was
nothing wrong in collecting another pawn} (28. Qxb6 Qc2 (28... Qd5 29. a3 cxd4
30. Qxd4+ $18) 29. Re1 (29. Rb1 $4 Rxa2+ 30. Kxa2 Qa4#) 29... Qxf2 30. a3 $16 {
and white has very good chances to win the game.}) 28... Rd8 29. Qb5 cxd4 30.
Nxd4 Bc5 $1 31. f3 Qc2 32. Qd3 {Now white is the one who has to initiate an
exchange of queens} (32. Qf1 Bxd4 33. cxd4 Re8 $13) 32... Qxd3 33. Rxd3 Kf6 $11
{Black is out of danger.} 34. Rd2 Bxd4 35. cxd4 ({May be white should've tried
} 35. Rxd4 $5 Rxd4 36. cxd4 Nh4 37. a4 Ke6 38. b4 Nxg2 39. a5 $14) 35... Nf4
36. a3 Rg8 $1 37. g4 Ke6 {Black knight is just too strong to leave white any
chances to win the game.} 38. Ka2 Kd5 39. Kb3 Ne6 40. Kb4 Nxd4 41. g5 Rc8 (
41... Rxg5 $4 42. Kc3 $18 {[%cal Gd2d5]}) 42. b3 Ke5 43. f4+ Ke4 44. a4 Rc5 45.
Ka3 Rc3 46. Kb4 Rc5 47. Ka3 (47. g6 $2 Nc2+ 48. Rxc2 Rxc2 49. Kb5 Rg2 $19)
47... Rc3 48. Kb4 Rc5 49. Ka3 Rc3 1/2-1/2

[Event "FIDE GP"]
[Site "Moscow"]
[Date "2002.06.03"]
[Round "3.3"]
[White "Ivanchuk, Vassily"]
[Black "Radjabov, Teimour"]
[Result "1-0"]
[WhiteElo "2711"]
[BlackElo "2610"]
[Annotator "Stohl,I"]
[PlyCount "94"]
[EventDate "2002.06.01"]
[EventType "k.o. (rapid)"]
[EventRounds "5"]
[EventCountry "RUS"]
[SourceTitle "CBM 090"]
[Source "ChessBase"]
[SourceDate "2002.09.20"]
[SourceVersion "1"]
[SourceVersionDate "2002.09.20"]
[SourceQuality "1"]

1. d4 Nf6 2. Nf3 g6 3. g3 Bg7 4. Bg2 O-O 5. O-O d6 6. Re1 $5 {Ivanchuk tries
an unusual move, last time against Radjabov in Dubai 2002 he went for the E63
lines with} (6. c4 a6 7. Nc3 Nc6 {and didn't get any advantage.}) 6... Nbd7 (
6... Nc6 7. d5 Na5 (7... Nb4 $6 8. e4 e6 9. c4 $14) 8. e4 c6 $13 {leads to
unclear positions of a different character.}) ({A playable alternative is} 6...
c5 $5 7. dxc5 dxc5 8. Qxd8 Rxd8 9. Ne5 Na6 10. c3 Nd5 11. Nc4 Be6 12. Nba3 Rd7
13. Rb1 Rad8 14. e4 Ndb4 $1 15. cxb4 cxb4 16. b3 bxa3 17. Bxa3 b5 18. Ne3 Bc3
19. Red1 b4 20. Rxd7 Rxd7 21. Bb2 Rd2 22. Bxc3 bxc3 23. Rc1 $11 {Andersson,
U-Quinteros,M/Mar del Plata/1981/}) 7. e4 e5 8. h3 Re8 ({An interesting way to
exploit White's move order is} 8... b5 $5 9. a4 b4 10. c3 Bb7 11. Nbd2 bxc3 12.
bxc3 $11 {1/2,Stohl,I-Watson,W/BL 0001/2001/}) 9. c4 c6 (9... exd4 10. Nxd4 Nc5
11. Nc3 Bd7 $13 {-E68 is more flexible.}) 10. Nc3 {After a complicated
transposition we are back to established theory, which considers this line as
advantageous for White.} a6 (10... exd4 11. Nxd4 Nc5 12. b3 $14 (12. b4 $5 Ne6
13. Nc2 $14)) 11. Be3 $14 b5 {Consistent, although it allows a central break.
Other, more passive moves are even worse.} (11... exd4 12. Nxd4 Nc5 13. Qc2 Qe7
14. Rad1 Bd7 $6 15. Bf4 $40 Rad8 (15... Nh5 16. Nxc6 Bxc6 17. Bxd6 Qg5) 16. b4
Ne6 17. Nf5 $1 gxf5 18. Bxd6 Nd4 19. Rxd4 Qe6 20. e5 Bc8 21. Re2 $18 {Bernal
Moro,L-Paramos Dominguez,R/La Coruna/1995/}) (11... Rb8 12. d5 c5 13. Rb1 Qc7
14. Qc2 b5 15. Nd2 Kh8 16. cxb5 axb5 17. b4 c4 18. a4 bxa4 19. Nxa4 Ba6 20.
Rec1 Rec8 21. Bf1 Ng8 22. Nc3 Nb6 23. Ra1 Ra8 24. Ra5 $16 {Ehlvest,J-Martin
Ojeda,J/Sevilla/1990/}) 12. c5 $5 b4 $2 {[%csl Rb4,Rb6][%mdl 16384] ׫
Radjabov probably didn't know the line sufficiently and quickly lands in a
hopeless situation.} (12... exd4 $142 13. Nxd4 Bb7 14. cxd6 c5 15. Nb3 Nxe4 16.
Nxe4 (16. Bxe4 $5 Bxe4 17. Bxc5 $14) 16... Bxe4 17. Bxe4 Rxe4 18. Qd5 Re5 19.
Qb7 Qc8 20. Qg2 Rb8 21. Na5 Rb6 22. Rad1 Re6 23. b4 {Paehtz,T-Vogt,L/DDR-ch
Zittau/1989/} Bc3 $1 24. Bd2 $8 Rxe1+ $17) (12... dxc5 $2 13. dxe5 Nxe5 14.
Nxe5 Qxd1 15. Raxd1 Rxe5 16. f4 Re8 17. e5 $16) 13. Na4 Nxe4 (13... d5 $5 14.
exd5 Nxd5 15. dxe5 Nxe5 16. Nxe5 Bxe5 (16... Rxe5 17. Nb6 Be6 18. Nxa8 Qxa8 19.
Qd2 Nxe3 20. Rxe3 Rxc5 21. Qxb4 Rb5 22. Qe7 Qf8 23. Qc7 c5 24. Rd1 Bd4 25. b3
Rb8 26. Re2 $16 {Loeffler,S-Cladouras,P/BL 8687/1987/}) 17. Bd4 (17. Nb6 $1
Nxb6 18. cxb6 $36) 17... Bxd4 18. Rxe8+ Qxe8 19. Qxd4 Be6 20. Nb6 Rd8 21. Rd1
Qe7 22. Kh2 $14 {Marovic,D-Ciocaltea,V/Zinnowitz/1966/}) 14. cxd6 Nxd6 (14...
exd4 15. Bxd4 Bf8 16. Ne5 $1 Nxe5 17. Rxe4 Qxd6 18. Qe2 f6 19. f4 Nf7 20. Rxe8
Qxd4+ 21. Kh2 Qa7 22. Qc4 $18 {Kochyev,A-Chepukaitis,G/St. Petersburg/1994/})
15. Nxe5 Nxe5 16. dxe5 Rxe5 17. Bc5 ({Possibly even stronger was} 17. Bb6 $5
Qd7 (17... Rxe1+ 18. Qxe1 Qf8 19. Qxb4 $16) 18. Rxe5 Bxe5 19. Bc5 Nb7 20. Bxb4
$16 {/+-} Rb8 21. Qe2 Bf6 22. Rd1 Qe6 23. Qf3 Kg7 24. b3 a5 25. Bd2 Bd8 26.
Bh6+ {1-0,Smejkal,J-Casper,T/BL 9192/1992/}) 17... Rxe1+ 18. Qxe1 Be6 (18...
Nb7 19. Rd1 Bd7 20. Qxb4 (20. Bxc6 Qc7 21. Rxd7 Qxc6 22. Qe7 Rf8 23. Rxb7 Qxa4
24. Qd6 $1 $16 {[%cal Rb7b8,Rd6d5] /\Rb8,Qd5}) 20... Nxc5 21. Nxc5 Bf8 22. Qd4
(22. Bxc6 $2 Bxc6 23. Rxd8 Rxd8 $19 {[%cal Rd8d5,Rd5d1] /\Rd1,Rd5}) 22... Bxc5
23. Qxc5 $16) 19. Rd1 Bd5 20. Nb6 Rb8 (20... Nb7 21. Nxd5 (21. Qxb4 a5 22. Qa3
Nxc5 23. Qxc5 Qf8 $5 $14 {/+/-}) 21... cxd5 22. Rxd5 Qc7 (22... Nxc5 23. Rxd8+
Rxd8 24. Qxb4 Nd3 25. Qb6 $18) 23. Bxb4 $5 Bxb2 24. Qd2 Bc1 25. Qd4 $40) 21.
Nxd5 cxd5 22. Bxd5 {[%cal Rc5d6] /\Bd6+-} Bf8 (22... Nf5 23. Bxf7+ $18) 23.
Bxb4 $18 {White has an extra P and an active ^^, the game is decided. The rest
is a matter of technique.} Qf6 24. Bc3 Qf5 25. Qe5 $1 {_|_} Qxe5 26. Bxe5 Rb6
27. b3 Nf5 28. g4 Nd6 29. Kg2 h6 30. a4 Ne8 31. Rc1 Nf6 32. Bc4 Nd7 33. Bc7 Rf6
(33... Rc6 $4 34. Bxf7+ Kxf7 35. Rxc6 $18) 34. Rd1 Nc5 35. Be5 Rc6 36. Rd8 Ne6
37. Re8 $22 {Black has no constructive moves left.} (37. Ra8 {/\} Nc5 38. Bd5
Rb6 39. a5 Rb5 40. Bd6 $18) 37... h5 (37... a5 38. Ra8 $18) (37... Ng7 38. Ra8
$19) 38. gxh5 gxh5 39. f4 Ng7 40. Ra8 Rg6+ 41. Kf3 Nf5 42. Rxa6 Rg3+ 43. Ke4
Ng7 44. Rf6 (44. Ra8 $18) (44. a5 $18) 44... Ne6 45. a5 Bg7 46. a6 $1 Bxf6 47.
a7 Nc5+ (47... Nc5+ 48. Kf5 Bxe5 49. a8=Q+ $18) 1-0